书目信息 |
| 题名: |
这才是我想要的语文书
|
|
| 作者: | 叶开 主编 | |
| 分册: | 当代小说分册 | |
| 出版信息: | 成都 天地出版社 2020 |
|
| 页数: | 398页 | |
| 开本: | 24cm | |
| 丛书名: | ||
| 单 册: | ||
| 中图分类: | I11 , I247.7 | |
| 科图分类: | ||
| 主题词: | 文学--作品集--世界 , 中篇小说--小说集--中国--当代 , 短篇小说--小说集--中国--当代 | |
| 电子资源: | ||
| ISBN: | 978-7-5455-5453-3 | |
| 000 | 00978nam0 2200265 450 | |
| 001 | 2357356327 | |
| 005 | 20231222090528.90 | |
| 010 | @a978-7-5455-5453-3@dCNY66.00 | |
| 100 | @a20200911d2020 demy0chiy50 ea | |
| 101 | 0 | @achi |
| 102 | @aCN@b510000 | |
| 105 | @aa z 000ay | |
| 200 | 1 | @a这才是我想要的语文书@Azhe cai shi wo xiang yao de yu wen shu@i当代小说分册@f叶开主编 |
| 210 | @a成都@c天地出版社@d2020 | |
| 215 | @a398页@c图@d24cm | |
| 300 | @a天喜文化 《这才是我想要的语文书》系列 | |
| 330 | @a本书分为学校、时代、人物、历史、少年五编,收录了汪曾祺、莫言、阿城、阿来、余华、王安忆、格非、苏童、马原等当代作家的作品。这些作品呈现了当代社会的生活面貌,也有关于学校和少年的篇目。 | |
| 606 | 0 | @a文学@x作品集@y世界 |
| 606 | 0 | @a中篇小说@x小说集@y中国@z当代 |
| 606 | 0 | @a短篇小说@x小说集@y中国@z当代 |
| 690 | @aI11@v5 | |
| 690 | @aI247.7@v5 | |
| 701 | 0 | @a叶开@Aye kai@4主编 |
| 801 | 0 | @aCN@b大连网信软件有限公司图书馆·11@c20231222 |
| 905 | @aBZT@dI11@e120:3 | |
| 这才是我想要的语文书.当代小说分册/叶开主编.-成都:天地出版社,2020 |
| 398页:图;24cm |
| 天喜文化 《这才是我想要的语文书》系列 |
| ISBN 978-7-5455-5453-3:CNY66.00 |
| 本书分为学校、时代、人物、历史、少年五编,收录了汪曾祺、莫言、阿城、阿来、余华、王安忆、格非、苏童、马原等当代作家的作品。这些作品呈现了当代社会的生活面貌,也有关于学校和少年的篇目。 |
| ● |
| 相关链接 |
|
|
|
正题名:这才是我想要的语文书
索取号:I11/120:3
 
预约/预借
| 序号 | 登录号 | 条形码 | 馆藏地/架位号 | 状态 | 备注 |
| 1 | 2001024819 | 2001024819 | 第四书库/四10架A面6层4列/ [索取号:I11/120:3] | 在馆 | |
| 2 | 2001024820 | 2001024820 | 第四书库/四10架A面6层4列/ [索取号:I11/120:3] | 在馆 | |
| 3 | 2001024821 | 2001024821 | 第四书库/四10架A面6层4列/ [索取号:I11/120:3] | 在馆 | |
| 4 | 2001024822 | 2001024822 | 第四书库/四10架A面6层4列/ [索取号:I11/120:3] | 在馆 | |
| 5 | 2001024823 | 2001024823 | 第四书库/四10架A面6层4列/ [索取号:I11/120:3] | 在馆 | |
| 6 | 2001024824 | 2001024824 | 第四书库/四10架A面6层4列/ [索取号:I11/120:3] | 在馆 |